000 01407cam a2200349 a 4500
001 cleazeusdivorce00prag
003 CaSfIA
005 20210117224403.0
007 cr||||
008 870403s1987 nyu 000 1 eng
010 _a 87010456
040 _aDLC
_cDLC
_dBTCTA
_dBAKER
_dYDXCP
_dBNY
_dCaSfIA
020 _a039475591X (pbk.) :
_c$6.95
020 _a9780394755915 (pbk.)
035 _a(OCoLC)15549728
050 0 4 _aPS3566.R25
_bC56 1987b
082 0 _a813/.54
_219
100 1 _aPrager, Emily.
245 1 0 _aClea & Zeus divorce /
_h[electronic resource]
_cEmily Prager.
250 _a1st ed.
260 _aNew York :
_bVintage Books,
_cc1987.
300 _a259 p. ;
_c21 cm.
490 0 _aVintage contemporaries
530 _aAlso issued online.
740 0 1 _aClea and Zeus divorce.
856 4 1 _uhttp://www.archive.org/details/cleazeusdivorce00prag
_zFree eBook from the Internet Archive
856 4 2 _uhttp://www.openlibrary.org/books/OL2381788M
_zAdditional information and access via Open Library
029 1 _aAU@
_b000005373842
942 _cEB
506 _fНеобхідна авторизація на https://archive.org/ (створення облікового запису безкоштовно)
506 _fНеобхідна авторизація на https://openlibrary.org/ (створення облікового запису безкоштовно)
999 _c481587
_d481587